Polski----English #7 - Statystyki

Ogólne statystyki
  • Ten quiz został rozwiązany 65 razy
  • Średni wynik to 5 z 15
Statystyki odpowiedzi
Hint Odpowiedź % Poprawnych
szept whisper
77%
tendencja, nurt, kierunek, trend trend
63%
wzór pattern
47%
drzeć się shout
44%
pojemność capacity
40%
niepokój anxiety
35%
borykać się, mierzyć z czymś struggle
35%
żądanie demand
30%
zawdzięczać owe
23%
zapewniać provide
23%
przybory tools
21%
rozwaga consideration
16%
chwilowa moda fad
12%
hamować inhibit
9%
tłumienie supression
0%
Nie znaleziono quizów pasujących do podanych kryteriów
Rozkład punktacji
Procent ludzi z każdym wynikiem
Percentyl według liczby udzielonych odpowiedzi
Twoja historia wyników
Nie rozwiązałeś tego quizu